[Event "Golden Jubilee Club Championship"]
[Site "Box Hill"]
[Date "2002.05.24"]
[Round "7.20"]
[White "Stojic, Dusan"]
[Black "Dragicevic, Domagoj"]
[Result "0-1"]
[WhiteElo "1587"]
[BlackElo "1840"]
[Annotator "hl"]
[PlyCount "82"]
[EventDate "2002.04.12"]

1. e4 d5 2. exd5 Nf6 3. d4 Nxd5 4. Nf3 Bg4 5. Be2 e6 6. O-O Bd6 7. Ne5 Bxe2 8.
Qxe2 c6 9. c4 Nf6 10. Bf4 O-O 11. Nc3 Qe7 12. Bg5 h6 13. Bh4 Qd8 14. Rad1 Be7
15. Bg3 Nbd7 16. d5 Nxe5 17. dxe6 Qa5 18. exf7+ Rxf7 19. Qxe5 Qb6 20. Qe2 Re8
21. Qc2 Ref8 22. b3 Qa5 23. Bd6 Bxd6 24. Rxd6 Qe5 25. Rd2 Ng4 26. g3 Qh5 27. h4
Ne3 28. Qe4 Nxf1 29. Kxf1 Qc5 30. Qc2 Qe5 31. Kg2 Re7 32. Re2 Qf6 33. Ne4 Qf3+
34. Kg1 Rd8 35. Kh2 Qf5 36. Re3 Red7 37. Re2 Rd1 38. Qc3 R8d3 39. Qb4 Qf3 40.
Re1 c5 41. Qa5 b6 0-1

[Event "Golden Jubilee Club Championship"]
[Site "Box Hill"]
[Date "2002.05.24"]
[Round "7.21"]
[White "Voon, Richard"]
[Black "Lindberg, Douglas"]
[Result "1-0"]
[WhiteElo "1852"]
[BlackElo "1631"]
[Annotator "hl"]
[PlyCount "87"]
[EventDate "2002.04.12"]

1. d4 Nf6 2. c4 c5 3. d5 e6 4. Nc3 exd5 5. cxd5 d6 6. e4 g6 7. Bb5+ Nbd7 8.
Nge2 a6 9. Bd3 b5 10. Ng3 Bg7 11. O-O O-O 12. Bf4 Qc7 13. Qd2 Re8 14. Rfe1 Bb7
15. Rac1 c4 16. Bb1 Nc5 17. f3 Nfd7 18. Nce2 Ne5 19. Rf1 Ncd3 20. Bxd3 Nxd3 21.
Qxd3 cxd3 22. Rxc7 dxe2 23. Re1 Bd4+ 24. Kh1 Rab8 25. Rxe2 Bc5 26. Rc2 g5 27.
Bxg5 Bxd5 28. b3 Be6 29. Nh5 Rec8 30. Rxc8+ Rxc8 31. g4 Bd4 32. Rxc8+ Bxc8 33.
Bf6 Bxf6 34. Nxf6+ Kg7 35. Ne8+ Kg6 36. Nxd6 Be6 37. Kg2 Kf6 38. Kg3 Ke5 39.
Nf5 a5 40. Kf2 b4 41. Ke3 a4 42. Nd4 Bd7 43. h4 a3 44. Nc2 1-0

[Event "Golden Jubilee Club Championship"]
[Site "Box Hill"]
[Date "2002.05.24"]
[Round "7.22"]
[White "Chmiel, Rad"]
[Black "Van Dijk, Devrim"]
[Result "1-0"]
[WhiteElo "1682"]
[BlackElo "1082"]
[Annotator "hl"]
[PlyCount "39"]
[EventDate "2002.04.12"]

1. d4 d5 2. g3 Nf6 3. Bg2 c6 4. Nf3 Bf5 5. O-O h6 6. c4 e6 7. Qb3 Qc8 8. Nc3
Bd6 9. cxd5 exd5 10. e4 Nxe4 11. Nxd5 cxd5 12. Qxd5 O-O 13. Nh4 Nxg3 14. fxg3
Bd3 15. Rd1 Bc2 16. Bxh6 Bxd1 17. Bxg7 Re8 18. Rxd1 Bb4 19. Qg5 Bf8 20. Be5+
1-0

[Event "Golden Jubilee Club Championship"]
[Site "Box Hill"]
[Date "2002.05.24"]
[Round "7.23"]
[White "O'Connor, Phil"]
[Black "Wheelwright, Philip"]
[Result "0-1"]
[WhiteElo "1521"]
[BlackElo "1664"]
[Annotator "jp"]
[PlyCount "108"]
[EventDate "2002.04.12"]

1. d4 Nf6 2. Nf3 g6 3. c4 Bg7 4. Nc3 d5 5. g3 O-O 6. Bg2 c6 7. O-O dxc4 8. Qc2
Nbd7 9. Rd1 Nb6 10. e4 Qe8 11. a4 a5 12. h3 h6 13. Be3 Ra6 14. d5 cxd5 15. Nb5
Na8 16. exd5 Bf5 17. Qxc4 Qc8 18. Qa2 Bxh3 19. Rac1 Qf5 20. Nfd4 Qh5 21. Bh1
Ng4 22. Bf3 Rf6 23. Be2 Qe5 24. Nf3 Rxf3 25. Bxf3 Qf5 26. Bh1 Nxe3 27. fxe3 Qg4
28. Kh2 Be5 29. Rg1 h5 30. Qc4 Qd7 31. Bf3 Kg7 32. Nd4 h4 33. Ne2 hxg3+ 34.
Rxg3 Rh8 35. Kg1 Bxg3 36. Nxg3 Qd6 37. Kf2 Bd7 38. Rg1 Nb6 39. Qb3 Qf6 40. Ne4
Rh2+ 41. Rg2 Rxg2+ 42. Kxg2 Bh3+ 43. Kf2 Qh4+ 44. Ke2 Nd7 45. Qxb7 Bf5 46. Nf2
Qc4+ 47. Ke1 Ne5 48. Be2 Qc1+ 49. Nd1 Bc2 50. Qc7 Kf6 51. Qxa5 Bxd1 52. Qa6+
Kg7 53. Bxd1 Qxe3+ 54. Qe2 Nf3+ 0-1